Skoki Narciarskie - Zdobywcy Podium z Finlandii (2000-2009) - Statystyki

Ogólne statystyki
  • Ten quiz został rozwiązany 36 razy
  • Średni wynik to 7 z 12
Statystyki odpowiedzi
Podia Skoczek % Poprawnych
70 Janne Ahonen
100%
34 Matti Hautamäki
91%
7 Janne Happonen
79%
14 Risto Jussilainen
70%
3 Ville Larinto
70%
6 Harri Olli
64%
1 Jussi Hautamäki
64%
5 Veli-Matti Lindström
52%
1 Arttu Lappi
48%
3 Tami Kiuru
48%
5 Ville Kantee
33%
3 Jani Soininen
30%
Nie znaleziono quizów pasujących do podanych kryteriów
Rozkład punktacji
Procent ludzi z każdym wynikiem
Percentyl według liczby udzielonych odpowiedzi
Twoja historia wyników
Nie rozwiązałeś tego quizu